Ich kam durch
| Titel: | Ich kam durch : ein Panzersoldat der deutschen Wehrmacht berichtet / Armin Böttger |
|---|---|
| Verfasser: | |
| Veröffentlicht: | Augsburg : Weltbild, 2009 |
| Umfang: | 239, [128] Seiten : Illustrationen, Diagramme ; 23 cm |
| Format: | Buch |
| Sprache: | Deutsch |
| ISBN: | 9783828908864 |
| Hinweise zum Inhalt: |
Inhaltsverzeichnis
|
alg: 21476526 001A $06000:13-08-09 001B $01999:18-08-23 $t13:51:54.000 001D $06000:13-08-09 001U $0utf8 001X $00 002@ $0Aaxaf 002C $aunbewegtes Bild $bsti $2rdacontent 002C $aText $btxt $2rdacontent 002D $aohne Hilfsmittel zu benutzen $bn $2rdamedia 002E $aBand $bnc $2rdacarrier 003@ $0214765261 003O $0430522349 $aOCoLC 004A $A978-3-8289-0886-4 $fPp. 006G $0992083672 006U $009,A34,2470 $f20090115 007A $0992083672 $aDNB 009P $qapplication/pdf $A2 $3Inhaltsverzeichnis $uhttp://d-nb.info/992083672/04 $mB:DE-101 010@ $ager 011@ $a2009 $n2009 013D $RQuelle $RBericht $RTagebuch $#Personal narratives $#Récits personnels $#Augenzeugenbericht Formschlagwort $#Eindrücke Formschlagwort $#Erlebnisgeschichte $#Reportage Formschlagwort $#Erfahrungsbericht $#Persönlicher Bericht $74133254-4 $8Erlebnisbericht [Ts1] $9085482919 013D $RBuch $RBildliche Darstellung $#Abbildungen Formschlagwort $#Ansichtspostkarte Formschlagwort $#Bildatlas $#Bilddokumente $#Bilder Formschlagwort $#Bildmaterial Formschlagwort $#Ansichten Formschlagwort $#Bildsammlung $#Abbildungswerk $#Illustrationswerk $#Photographien-Bildband $#Fotographien-Bildband $#Bildbände $74145395-5 $8Bildband [Ts1] $9085578738 013D $RAutobiografische Literatur $RBiografie $RErlebnisbericht $RQuelle $RTagebuch $#Autobiography $#Autobiographie $#Autobiographies $#Autobiographies $#Autobiographie $#Autobiographisches Erzählen $#Autobiografisches Erzählen $#Erinnerungen Formschlagwort $#Lebenserinnerungen $#Memoiren $#Selbstbiographie $#Selbstbiografie $#Autobiographik $#Autobiografik $74003939-0 $8Autobiografie [Ts1] $9085002275 $y1940-1945 017A $asf 021A $aIch kam durch $dein Panzersoldat der deutschen Wehrmacht berichtet $hArmin Böttger 028A $BVerfasser $#Böttger, Arnim $#Böttger, Armin $4aut $7118939041 $8Böttger, Hermann$Z1923-2016 [Tp1] $9087279401 033A $pAugsburg $nWeltbild 034D $a239, [128] Seiten 034I $a23 cm 034M $aIllustrationen, Diagramme 037A $aLizenz des Verlags - Haus Würzburg, Würzburg 037A $aLiteraturverzeichnis Seite 238-[240] 044K $qDNB $74243803-2 $8Deutschland$bPanzer-Division$g24 [Tb1] $9086282662 044K $qDNB $#Böttger, Arnim $#Böttger, Armin $7118939041 $8Böttger, Hermann$Z1923-2016 [Tp1] $9087279401 045E $c940 $c355 045F $a940.541343 $eDDC22ger 045F/01 $a940.5413 045F/03 $g43 045R $aGeschichte 1943-1945 lok: 21476526 24 exp: 21476526 24 1 #EPN 201B/01 $010-06-10 $t16:30:42.000 201C/01 $010-06-10 201U/01 $0utf8 203@/01 $0594225949 208@/01 $a10-06-10 $ba 209A/01 $azur Erwerbung bestellt $f050 $x00 220C/01 $awar 247C/01 $8358050-7Marburg, Bibliothek des Herder-Instituts Marburg $9102600961
| LEADER | 00000cam a22000002c 4500 | ||
|---|---|---|---|
| 001 | 214765261 | ||
| 003 | DE-603 | ||
| 005 | 20230818135154.0 | ||
| 007 | tu | ||
| 008 | 090813s2009 xx |||| | u00||u|ger | ||
| 015 | |a 09,A34,2470 |2 dnb | ||
| 016 | 7 | |2 DE-101 |a 992083672 | |
| 020 | |a 9783828908864 |c Pp. | ||
| 035 | |a (DE-599)DNB992083672 | ||
| 035 | |a (OCoLC)430522349 | ||
| 040 | |a DE-603 |b ger |c DE-603 |d DE-603 | ||
| 041 | |a ger | ||
| 082 | 0 | 4 | |8 1\u |a 940.541343 |q DE-101 |2 22/ger |
| 084 | |a 940 |a 355 |q DE-101 |2 sdnb | ||
| 085 | |8 1\u |b 940.5413 | ||
| 085 | |8 1\u |z 2 |s 43 | ||
| 090 | |a b | ||
| 100 | 1 | |a Böttger, Hermann |d 1923-2016 |e Verfasser |4 aut |0 (DE-603)087279401 |0 (DE-588)118939041 |2 gnd | |
| 245 | 0 | 0 | |a Ich kam durch |b ein Panzersoldat der deutschen Wehrmacht berichtet |c Armin Böttger |
| 264 | 1 | |a Augsburg |b Weltbild |c 2009 | |
| 300 | |a 239, [128] Seiten |b Illustrationen, Diagramme |c 23 cm | ||
| 336 | |a unbewegtes Bild |b sti |2 rdacontent | ||
| 336 | |a Text |b txt |2 rdacontent | ||
| 337 | |a ohne Hilfsmittel zu benutzen |b n |2 rdamedia | ||
| 338 | |a Band |b nc |2 rdacarrier | ||
| 500 | |a Lizenz des Verlags - Haus Würzburg, Würzburg | ||
| 500 | |a Literaturverzeichnis Seite 238-[240] | ||
| 600 | 1 | 7 | |a Böttger, Hermann |d 1923-2016 |0 (DE-588)118939041 |0 (DE-603)087279401 |2 gnd |
| 610 | 1 | 7 | |a Deutschland |b Panzer-Division |g 24 |2 gnd |0 (DE-588)4243803-2 |0 (DE-603)086282662 |
| 648 | 7 | |a Geschichte 1943-1945 |2 gnd | |
| 655 | 7 | |a Erlebnisbericht |2 gnd-content |0 (DE-588)4133254-4 |0 (DE-603)085482919 | |
| 655 | 7 | |a Bildband |2 gnd-content |0 (DE-588)4145395-5 |0 (DE-603)085578738 | |
| 655 | 7 | |a Autobiografie |y 1940-1945 |2 gnd-content |0 (DE-588)4003939-0 |0 (DE-603)085002275 | |
| 856 | 4 | 2 | |m B:DE-101 |q application/pdf |u http://d-nb.info/992083672/04 |3 Inhaltsverzeichnis |
| 924 | 0 | |9 Mb 50 |a (DE-603)594225949 |b DE-Mb50 |c HES |d c |g zur Erwerbung bestellt | |


